Essai typographique et bibliographique dur l'histoire de la gravure sur bois / (Record no. 154099)

MARC details
000 -LEADER
campo de control de longitud fija 00834nam a2200205 i 4500
001 - NÚMERO DE CONTROL
campo de control 154099
003 - IDENTIFICADOR DE NÚMERO DE CONTROL
campo de control ES-MaACL
005 - FECHA Y HORA DE LA ÚLTIMA TRANSACCIÓN
campo de control 20230906205524.0
008 - DATOS DE LONGITUD FIJA--INFORMACIÓN GENERAL
campo de control de longitud fija 991112s1863 fr |||| | fre d
040 ## - FUENTE DE CATALOGACIÓN
Centro catalogador/agencia de origen CAM
Lengua de catalogación spa
Centro/agencia transcriptor CAM
100 1# - ENTRADA PRINCIPAL--NOMBRE DE PERSONA
Nombre de persona Firmin-Didot, Ambroise.
9 (RLIN) 50957
245 10 - MENCIÓN DEL TÍTULO
Título Essai typographique et bibliographique dur l'histoire de la gravure sur bois /
Mención de responsabilidad, etc. par Ambroise Firmin Didot ; pour faire suite aux Costumes anciens et modernes de Cesar Vecellio.
260 ## - PUBLICACIÓN, DISTRIBUCIÓN, ETC.
Lugar de publicación, distribución, etc. Paris :
Nombre del editor, distribuidor, etc. [Firmin et Didot frères],
Fecha de publicación, distribución, etc. 1863.
300 ## - DESCRIPCIÓN FÍSICA
Extensión XIV, 315 p. ;
Dimensiones 23 cm.
597 ## - NOTA DE DESCRIPCIÓN FÍSICA
NOTA DE DESCRIPCIÓN FÍSICA Texto enmarcado.
597 ## - NOTA DE DESCRIPCIÓN FÍSICA
NOTA DE DESCRIPCIÓN FÍSICA Port. orlada.
650 04 - PUNTO DE ACCESO ADICIONAL DE MATERIA--TÉRMINO DE MATERIA
Término de materia o nombre geográfico como elemento de entrada Xilografía.
9 (RLIN) 17857
700 1# - ENTRADA AGREGADA--NOMBRE PERSONAL
Nombre de persona Vecellio, Cesare.
9 (RLIN) 133580
852 ## - LOCALIZACIÓN
Ubicación ES-MaACL
Número de control de estantería D-1120
Nota libre -- Enc. hol.
Encuadernación -- Edic.: En verso de la antep. consta el imp.: Typographie de Firmin Didot frères & fils
Holdings
Estatus retirado Estado de pérdida Estado de daño No para préstamo Colección Biblioteca de origen Biblioteca actual Ubicación en estantería Fecha de adquisición Fuente de adquisición Total de préstamos Signatura topográfica completa Código de barras Visto por última vez Precio de reemplazo Tipo de ítem Koha
        Libros del s. XIX Biblioteca del Ateneo de Madrid Biblioteca del Ateneo de Madrid Sala Valle Inclán 17/01/2008     D-1120 901161131 23/02/2023 23/02/2023 Libro impreso antiguo